| 000 | 01096cam a22001934a 4500 | ||
|---|---|---|---|
| 005 | 20250605164359.0 | ||
| 008 | 250528s ||||||||||||||||||||||||d | ||
| 035 | _a24484 | ||
| 040 |
_aGR-AtMCL _bgre _dGR-AtMCL _eAACR2 |
||
| 245 | 1 | _aΑπλά δεν Σηκώνω Ποτέ το Πόδι μου από το Γκάζι / Μήνας Σημαντικών Αλλαγών ο Δεκέμβριος για τον Alpha | |
| 260 | _c2019 | ||
| 300 | _a50 | ||
| 520 | _aΣερβίροντας Πρωτοτυπία και Εξατομίκευση και Υγιεινές Επιλογές, Τα πιο Κοινωνικά Βραβεία Απέδειξαν ότι η Αγορά Ωριμάζει, Το YDC Μιλά για Όσα μας Κάνουν Καλύτερους, Η ΕΚΕ Οφείλει να Αποτυπώνει τη Στρατηγική της Αειφορίας, Μετατρέποντας τον Καταναλωτή σε Brand Ambassador. | ||
| 700 | 1 |
_aΚορδελάς Δημήτρης _99464 |
|
| 942 | _cCR | ||
| 710 | 2 |
_aThe Marketing Week _99825 |
|
| 999 |
_c9362 _d9362 |
||